GRAY'S ANATOMY FOR STUDENTS (Record no. 15532)

MARC details
000 -LEADER
fixed length control field 00324nam a22001457a 4500
003 - CONTROL NUMBER IDENTIFIER
control field SGT
020 ## - INTERNATIONAL STANDARD BOOK NUMBER
International Standard Book Number 978-81-312-4220-9
082 ## - DEWEY DECIMAL CLASSIFICATION NUMBER
Classification number 611
Item number G17D
100 ## - MAIN ENTRY--PERSONAL NAME
Personal name DRAKE, RICHARD
245 ## - TITLE STATEMENT
Title GRAY'S ANATOMY FOR STUDENTS
260 ## - PUBLICATION, DISTRIBUTION, ETC. (IMPRINT)
Place of publication, distribution, etc PHILADELPHIA
Name of publisher, distributor, etc ELSEVIER
Year of Publication 2017
300 ## - PAGE DESCRIPTION
No. of Pages 809
650 ## - SUBJECT ADDED ENTRY--TOPICAL TERM
Topical term or geographic name as entry element ANATOMY
942 ## - ADDED ENTRY ELEMENTS (KOHA)
Source of classification or shelving scheme Dewey Decimal Classification
Koha item type Books
Holdings
Withdrawn status Lost status Source of classification or shelving scheme Damaged status Not for loan Collection code Home library Current library Shelving location Date acquired Vendor Name Cost, normal purchase price SGTU Bill Number Total Checkouts Full call number Accession No. (Barcode) Date last seen Bill Date Koha item type
    Dewey Decimal Classification     MEDICAL SGT Medical Library SGT Medical Library Reference Book 12/06/2018 ABC 725.00 SGTU 9732   611 G17D FM10653 12/06/2018 15/05/2018 Books
    Dewey Decimal Classification     MEDICAL SGT Medical Library SGT Medical Library Reference Book 12/06/2018 ABC 725.00 SGTU 9732   611 G17D FM10654 12/06/2018 15/05/2018 Books